ბათუმის შოთა რუსთაველის სახელმწიფო უნივერსიტეტის ბიბლიოთეკა

შავი თეთრზე : (ბიბ.ჩანაწერი № 53247)

000 -ლიდერი
ფიქსირებული სიგრძის საკონტროლო ველი 01378nam a2200265Ia 4500
001 - საკონტროლო ნომერი
საკონტროლო ველი 20288
003 - საკონტროლო ნომრის იდენტიფიკატორი
საკონტროლო ველი GE_BSU
005 - ბოლო ოპერაციის თარიღი და დრო
საკონტროლო ველი 20200813173721.0
008 - ფიქსირებული სიგრძის მონაცემთა ელემენტები - ზოგადი ინფორმაცია
ფიქსირებული სიგრძის საკონტროლო ველი 181216s1935||||ge |||||||||||||| ||geo||
040 ## - კატალოგიზაციის წყარო
Transcribing agency GE_BSU
041 ## - ენის კოდი
Language code of text/sound track or separate title geo
080 ## - უნივერსალური ათობითი კლასიფიკაციის ინდექსი
Universal Decimal Classification number 82-93 : 821.161.1-3 ი-43
100 ## - მთავარი ჩანაწერი - პიროვნების სახელი
Personal name ილინი, მ.
9 (RLIN) 9234
245 ## - ცნობა სათაურის შესახებ
Title შავი თეთრზე :
Remainder of title [საშუალო ასაკისათვის] /
Statement of responsibility, etc მ. ილინი ; თარგმანი რაისა და ნიკო კეჭაღმაძეებისა ; რედ. : ან. ღვინიანიძე ; მხატვ. ნ. ჩერნიშკოვი.
260 ## - გამოქვეყნების, გავრცელების, და სხვა. ცნობები
Name of publisher, distributor, etc .
264 ## - წარმოების, გამოცემის, დისტრიბუციის და სხვა ცნობები
გამოცემის, წარმოების, დისტრიბუციის... ადგილი ტფილისი :
გამოცემის, წარმოების, დისტრიბუციის... სახელწოდება სახელგამის საბავშო და ახალგაზრდობის სექტ. გა-მა და სტ.,
გამოცემის, წარმოების, დისტრიბუციის... თარიღი 1935.
300 ## - ფიზიკური აღწერა
Extent 92 გვ. :
Other physical details ილ. ;
Dimensions 22 სმ.
653 ## - INDEX TERM--UNCONTROLLED
Uncontrolled term შავი თეთრზე
700 ## - ADDED ENTRY--PERSONAL NAME
Personal name კეჭაღმაძე, რაისა
Relator term თარგმანი
9 (RLIN) 9235
700 ## - ADDED ENTRY--PERSONAL NAME
Personal name კეჭაღმაძე, ნიკო
Dates associated with a name
Relator term თარგმანი
9 (RLIN) 9236
700 ## - ADDED ENTRY--PERSONAL NAME
Personal name ღვინიანიძე, ან.
Relator term რედაქტორი
9 (RLIN) 9237
700 ## - ADDED ENTRY--PERSONAL NAME
Personal name ჩერნიშკოვი, ნ.
Relator term მხატვარი
9 (RLIN) 9238
942 ## - ADDED ENTRY ELEMENTS (KOHA)
Koha item type წიგნი
Source of classification or shelving scheme
ეგზემპლარები
ჩამოწერის სტატუსი დაკარგული ეგზემპლარის სტატუსი კლასიფიკაციის წყარო ან თაროზე გაწყობის სქემა დაზიანების სტატუსი არ გაიცემა მუდმივი მდებარეობა (დაცვის ადგილი) ამჟამინდელი ადგილსამყოფელი თაროზე განთავსების ადგილი შეძენის თარიღი ღირებულება, შესყიდვის ნორმალური ფასი სრული შენახვის შიფრი შტრიხკოდი ბოლო ოპერაციის თარიღი ეგზემპლარის მიმდევრობითი ნომერი (კეტერი?) ფასის ძალაში შესვლის თარიღი ეგზემპლარის სახეობა საჯარო შენიშვნა
          ბათუმის შოთა რუსთაველის სახელმწიფო უნივერსიტეტის მთავარი ბიბლიოთეკა ბათუმის შოთა რუსთაველის სახელმწიფო უნივერსიტეტის მთავარი ბიბლიოთეკა წიგნსაცავი 2018-12-17 0.28 82-93 : 821.161.1-3 ი-43 52979 2018-12-17 52979 2018-12-17 წიგნი 0.28 ლ.